00927cam a22002415a 4500001000800000005001700008008004100025040003800066082001900104100004300123245011800166250002500284260004600309300003600355500005500391504005100446651001000497653002300507700003100530942000800561999001700569952009900586405902720201124142935.0760422s1964 njua frb 001 0 eng d aDLCcDLCdICUdDLCdEG-ScBUEbeng04a330.9222bFUN1 aBengtson, N. A.q(Nels August),d1879-00aFundamentals of economic geography :ban introduction to the study of resources /cWilliam Van Royen ... [et al.] a5th ed., Revised ed. aEnglewood Cliffs :bPrentice-Hall,c1964. axviii, 613 p. :bill. ;c26 cm. aAuthors' names in reverse order in other editions. aIncludes bibliographical references and index. 2BUEsh bGGENcDecember20171 aVan Royen, William,d1900- 2ddc c25813d25785 00102ddc4070aMAINbMAINc1STd2017-12-27l0o330.9 FUNp000047039r2025-07-15 00:00:00yBB